| 000 | 01026cam a22003251 4500 | ||
|---|---|---|---|
| 001 | 76165 | ||
| 005 | 20230410132708.0 | ||
| 008 | 090117s1975 sp 000 0 spa | ||
| 035 | _9(DLC) 50026621 | ||
| 035 | _a7896255 | ||
| 020 | _a8420615609 | ||
| 035 | _a(OCoLC)12957527 | ||
| 040 |
_aDLC _cKyU _dKyU _dDLC |
||
| 042 | _apremarc | ||
| 050 | 1 | 4 |
_aPT 2603 _bB829h 1975 |
| 082 | 0 | 0 | _a838.91 |
| 100 | 1 |
_aBrecht, Bertolt, _d1898-1956. |
|
| 245 | 1 | 0 |
_aHistorias de almanaque / _cBertolt Brecht ; traductor, Joaquín Rábago. |
| 260 |
_aMadrid : _bAlianza Editorial, _c1975. |
||
| 300 |
_a141 p. ; _c19 cm. |
||
| 440 | 0 |
_aEl Libro de Bolsillo ; _v560. Literatura |
|
| 500 | _aTítulo original: Kalendergeschichten. | ||
| 650 | 4 |
_aLiteratura alemana _vColecciones de escritos. |
|
| 600 | 1 | 4 |
_aBrecht, Bertolt, _d1898-1956 _vColecciones de escritos. |
| 650 | 4 |
_aCuentos alemanes _ySiglo XIX. |
|
| 650 | 4 |
_aLiteratura alemana _ySiglo XIX. |
|
| 700 | 1 |
_aRábago., Joaquín, _etr. |
|
| 942 |
_2lcc _cbk |
||
| 946 | _aNBM | ||
| 999 |
_c86048 _d86048 |
||